000 00345nam a2200121Ia 4500
008 220216s9999 xx 000 0 und d
100 _aTran Thi Thuy Hoa
245 0 _aTen years of hand pollination of Hevea in Vietnam
260 _bIndian Journal of Natural Rubber Research
_c1993
300 _a150-155
700 _aNgo Van Hoang
942 _cAR
999 _c47027
_d47027